Machine Learning For Developers (Record no. 224095)

MARC details
000 -LEADER
fixed length control field 00536nam a2200169Ia 4500
008 - FIXED-LENGTH DATA ELEMENTS--GENERAL INFORMATION
fixed length control field 230714s9999 xx 000 0 und d
020 ## - INTERNATIONAL STANDARD BOOK NUMBER
International Standard Book Number 9780000000000
041 ## - LANGUAGE CODE
Language code of text/sound track or separate title eng
082 ## - DEWEY DECIMAL CLASSIFICATION NUMBER
Classification number 006.31
Item number BON
100 ## - MAIN ENTRY--PERSONAL NAME
Personal name Bonnin R.
9 (RLIN) 201092
245 ## - TITLE STATEMENT
Title Machine Learning For Developers
Remainder of title Uplift Your Regular Applications With The Power Of Statistics, Analytics, And Machine Learning
260 ## - PUBLICATION, DISTRIBUTION, ETC. (IMPRINT)
Date of publication, distribution, etc. 2017
Name of publisher, distributor, etc. Packt
300 ## - PHYSICAL DESCRIPTION
Extent 250
365 ## - TRADE PRICE
Currency code Rs.
Price amount 799.00
700 ## - ADDED ENTRY--PERSONAL NAME
Personal name Bonnin R.
9 (RLIN) 201092
906 ## - LOCAL DATA ELEMENT F, LDF (RLIN)
d O:0611514-Sep-2018B:TI/201800260
c TIT
b 2397

No items available.